[Event "POL-ch disabled"]
[Site "Rowy"]
[Date "2009.09.03"]
[Round "4.30"]
[White "Chmielowski, Stefan"]
[Black "Kanach, Jerzy"]
[Result "0-1"]
[WhiteElo "1750"]
[BlackElo "1466"]
[PlyCount "54"]
[EventDate "2009.09.01"]
[EventType "swiss"]
[EventRounds "9"]
[EventCountry "POL"]
[SourceTitle "EXT 2023"]
[Source "ChessBase"]
[SourceDate "2022.10.05"]
[SourceVersion "1"]
[SourceVersionDate "2022.10.05"]
[SourceQuality "1"]

1. d4 d5 2. Nf3 e6 3. e3 Be7 4. a3 Nf6 5. Bd3 b6 6. Ne5 Bb7 7. 0-0 g6 8. f4 0-0 9. b4 Nh5 10. g4 Ng7 11. c3 f6 12. Nf3 Nd7 13. Nbd2 c5 14. Bc2 e5 15. fxe5 fxe5 16. dxe5 Ne6 17. Bb2 Bg5 18. Qe2 Bh6 19. Rad1 Ng5 20. Nxg5 Qxg5 21. Rxf8+ Rxf8 22. Nf1 Nxe5 23. h3 Rf3 24. Qh2 Rxe3 25. Nxe3 Nf3+ 26. Kg2 Nxh2 27. Kxh2 Qxe3 0-1